Quizzes
Events
Quiz Creation
Community
Videos
Private Events
Remove Ads
Sign In
Join for FREE
Feedback
Dark Mode
Quiz Categories
Sports
Geography
Music
Movies
Television
Just For Fun
Miscellaneous
History
Literature
Language
Science
Gaming
Entertainment
Religion
Holiday
For Kids
Quiz Lab
Recent
Popular Today
Quiz Kudos Today
Editor Picks
Curator Picks
Quizzes by...
Day
Popularity
Type
Ratings
Length
Year
Community
Subscriptions
Recent Discussions
Orange Saloon
Badges
Playlists
Quests
Create
Leaderboards
Showdown
Live 5
Trivia Bingo
Activity
Puzzle Library
Sporcle Events
Private Events
Virtual Trivia
Globe League
Become a Host
Pub Owners
SporcleCon
Opinionation
Our Games
Videos
Blog
Mobile Apps
Partnerships
Remove Ads and Go Orange
Feedback
Gaming
Video Games
Board Games
Card Games
Pokémon
Mario
Nintendo
Minecraft
Console
Toys
Legend of Zelda
Gaming
Video Games
Board Games
Card Games
Pokémon
Mario
Nintendo
Minecraft
Console
Toys
Legend of Zelda
Random Quiz
Search Sporcle
×
Quiz Lab
Quiz Lab
Gaming
Playstation
Type in answers that appear in a list
Type in answers that appear in a list
Classic
Best Score? Go Orange.
Spyro the Dragon Levels Stats
Can you name the Spyro the Dragon Stages?
By
MarBear
6m
29 Questions
406 Plays
406 Plays
406 Plays
Comments
Comments
Give Quiz Kudos
Give Quiz Kudos
-
- Ratings
hide this ad
More Info
Replay
Link that replays current quiz
Next Quiz
Link to next quiz in quiz playlist
You Got
0%
They Got
Avg Score
77%
Avg Friend Score
Upgrade to see
Score Distribution
Jump to the score distribution portion of the page
Score
0/29
Timer
06:00
0
Plays Today
% Correct
Toasty
93.3%
Town Square
90.4%
Tree Tops
87.7%
Gnasty Gnorc
85.2%
Jacques
84.7%
Stone Hill
84.5%
Metalhead
83%
Sunny Flight
82%
Night Flight
82%
Gnasty's Loot
81.8%
Doctor Shemp
80.5%
Blowhard
80.5%
Ice Cavern
79.3%
Dark Hollow
79.1%
Misty Bog
78.1%
% Correct
Cliff Town
77.3%
Wizard Peak
74.4%
Dry Canyon
73.9%
Lofty Castle
73.4%
High Caves
73.2%
Icy Flight
72.7%
Alpine Ridge
70.2%
Dark Passage
70%
Crystal Flight
69.2%
Wild Flight
68.5%
Twilight Harbor
68%
Gnorc Cove
67.7%
Haunted Towers
66.3%
Terrace Village
65.8%
Quiz Playlist
Details
Report
Send in Message
Add To Playlist
More Info:
This quiz is ONLY for the original Spyro: the Dragon released for the PlayStation.
Classic:
Type in answers that appear in a list
Quiz Source
Last Updated: Feb 16, 2017
Quiz Scoreboard
CHALLENGE
Sign Up to Join the Scoreboard
Show All
Scores
Hide
Comments
May contain spoilers
Recently Published
Popular People in 1961
by mucciniale
History
6m
1-10 Letter E Words III
by El_Dandy
Language
2m
One Thing in Common: World Cities II
by knightlancer
Geography
7m
More to Explore
Quiz From the Vault
Featured Blog Post
Where Did the Easter Bunny Come From?
hide this ad
You Might Also Like...
Tags
Dragon
Playstation
Spyro
Spyro Levels
Today's Top Quizzes in Gaming
Browse Gaming
hide this ad
Today's Top Quizzes in Playstation
Browse Playstation
Top Contributed Quizzes in Gaming
1
Destiny 2 exotic weapons by perk icons
2
Who's on the WWE 2K24 Cover?
3
Windmill: Pokémon
4
Genshin Impact Logic Puzzle
5
Overwatch 2: Ultimate Ability Icons
6
Overwatch 2 Heroes by Selection Quote
7
Genshin murder mystery
8
Legendary or Exotic?
9
Overwatch Logic Puzzle
10
Genshin Impact Logic Puzzle Quiz II
Explore More
Trending Topics
Marvel
NBA
Kpop
Crossword
Disney
Harry Potter
Anime
The Office
Song
Country
Pokémon
Soccer
WWE
NFL
Puzzle
hide this ad
More By:
MarBear
Quiz
Plays
Rating
Category
Featured
Created
Japanese Verbs
1,967
3.88
Language
Nov 2, 2010
Spyro the Dragon Levels
406
5.00
Gaming
Nov 2, 2010
Go to Creator's Profile
Score Distribution
Quiz Creator Spotlight
MarBear
Follow
Send a Message
Quizzes Created
-
Created Quiz Play Count
-
More By This Creator
Popular Quizzes Today
1
Find the US States - No Outlines Minefield
2
The Countries of the World
3
Popular People in 1961
4
Find the Countries of Europe - No Outlines Minefield
5
1-10 Letter E Words III
6
Find the US States
7
One Thing in Common: World Cities II
8
US States
More Gaming Quizzes
Click a Risk Territory
Published
Trending Quizzes
Country Music Stars Doing Things
Get the Picture: Carrie or Dolly
1-10 Letter F Words
1-10 Letter G Words
Risky Map Clicking: Next State Alphabetically
Recently Updated
Leaping Animals
pecheneg
Reality TV Shows (A-Z)
bhenderson79
Rickey Henderson's Hall of Fame Teammates
pecheneg
Champions League XIs: Arsenal
pecheneg
Quick Pick: Celebrities in WWE's Hall of Fame
aduchscher
A-Z Keypad Blitz II
pecheneg
Multiple Oscar Actors
pecheneg
Mystery Phrase Blitz: Oscar 'Best Actors'
pecheneg
F. Scott Fitzgerald Novels
LTH
Pick 3 Villains
ddd62291
Trending Topics
Kpop
Crossword
Disney
NBA
Anime
Harry Potter
Marvel
Soccer
Pokémon
NFL
Country
The Office
WWE
Song
Puzzle
Your Account Isn't Verified!
In order to create a playlist on Sporcle, you need to verify the email address you used during registration. Go to your
Sporcle Settings
to finish the process.
Report this User
Report this user for behavior that violates our
Community Guidelines
.
Details:
Send Report
Go to the Sporcle.com Mobile Site →
Comments